000 00710nam a2200229Ii 4500
003 JO-AjNU
008 230605s9999||||xx |||||||||||||| ||und||
017 _a2010/8612
020 _a978-99901-06-88-6
040 _aJO-AjNU
_bara
_erda
_cJO-AjNU
041 _aara
050 1 4 _aK3590.4.2010
100 3 _aآل خليفة، مريم بنت حسن ,
_eauthor
_952994
245 0 0 _aالبيئة وأنظمة حمايتها
250 _aط1
264 3 1 _aالبحرين : جامعة البحرين ، 2010
300 _a249ص
336 _atext
_btxt
_2rdacontent
337 _aunmediated
_bn
_2rdamedia
338 _avolume
_bnc
_2rdacarrier
650 4 _aالبيئة -- أنظمة وقوانين
_952995
999 _aA23508
_c27076
_d27076